00641nam a22002057a 450000500170000001000130001702000110003003500130004103700160005404000120007008200150008210000210009724500640011826000780018227000530026030000200031350000190033365000250035265000580037720170124105937.0 aA-369760 c115.00 aA-369760 bCen Lib/Ret aDPLbEN a338.9bSIN aSingh, D. Bright aEconomic growth :cby D. Bright Singhbproblems, policies / aMadrasbThe Centre For Research On New International Economic Orderc1988 aNo.1, First Street, Haddows RoadbMadrase600006 a578p.c23cm(Hb) aIncludes index aEconomic development aPOLITICAL SCIENCE -- Public Policy -- Economic Policy